|
|
|
|
| LEADER |
00000nas a22000007a 4500 |
| 005 |
20130319183049.0 |
| 007 |
cr|||| |||| |
| 008 |
130319t19429999ne u|p s|||| 0|||01eng d |
| 022 |
|
|
|a 9271910
|
| 035 |
|
|
|a 7196
|
| 040 |
|
|
|a vLex
|
| 090 |
|
|
|c 3964
|d 3964
|
| 245 |
0 |
0 |
|a German Monitor
|h [Recurso electrn̤ico]
|
| 256 |
|
|
|a Servicio en ln̕ea
|
| 260 |
|
|
|a Amsterdam :
|b Editions Rodopi,
|c 1942-
|
| 300 |
|
|
|a 1 Recurso electrn̤ico
|
| 506 |
|
|
|d vLex Global
|d vLex Global (Academic Edition, excluding Law Schools)
|d vLex Global (U.S. Academic Edition, Law Schools)
|d vLex Global (U.S. Academic Edition, excluding Law Schools)
|d vLex Global (Academic Edition, Law Schools)
|
| 650 |
0 |
4 |
|a Economa̕
|v Revistas
|z Alemania
|
| 740 |
|
|
|a vLex Revistas (Servicio en ln̕ea)
|
| 856 |
|
|
|a Acceso restringido
|u http://www.vlex.com/source/7196
|
| 942 |
|
|
|c REV
|
| 999 |
|
0 |
|a Economics
|